|
|
|
|
| LEADER |
00000nam0a2200000 4500 |
| 001 |
270378 |
| 005 |
20231101234335.0 |
| 035 |
|
|
|a (RuTPU)RU\TPU\book\293559
|
| 090 |
|
|
|a 270378
|
| 100 |
|
|
|a 20140926d1958 k y0rusy50 ca
|
| 101 |
0 |
|
|a rus
|
| 102 |
|
|
|a RU
|
| 105 |
|
|
|a a z 001zy
|
| 200 |
1 |
|
|a Теория упругости
|f В. В. Новожилов
|
| 210 |
|
|
|a Ленинград
|c Судпромгиз
|d 1958
|
| 215 |
|
|
|a 370 с.
|c ил.
|
| 320 |
|
|
|a Библиогр.: с. 364-366.
|
| 606 |
1 |
|
|a Упругость, теория
|2 stltpush
|3 (RuTPU)RU\TPU\subj\63144
|9 80188
|
| 610 |
1 |
|
|a линейные элементы
|
| 610 |
1 |
|
|a сдвиги
|
| 610 |
1 |
|
|a деформации
|
| 610 |
1 |
|
|a объемные элементы
|
| 610 |
1 |
|
|a равновесие
|
| 610 |
1 |
|
|a формулы
|
| 610 |
1 |
|
|a уравнения
|
| 610 |
1 |
|
|a начало Кастильяно
|
| 610 |
1 |
|
|a термодинамика
|
| 610 |
1 |
|
|a классификация
|
| 610 |
1 |
|
|a криволинейные координаты
|
| 610 |
1 |
|
|a формулы
|
| 610 |
1 |
|
|a задача Сен-Венана
|
| 610 |
1 |
|
|a аналогия Прандтля
|
| 610 |
1 |
|
|a кручение
|
| 610 |
1 |
|
|a изгиб
|
| 610 |
1 |
|
|a функция Эри
|
| 675 |
|
|
|a 539.3
|v 3
|
| 700 |
|
1 |
|a Новожилов
|b В. В.
|g Валентин Валентинович
|
| 801 |
|
1 |
|a RU
|b 63413507
|c 20140926
|
| 801 |
|
2 |
|a RU
|b 63413507
|c 20141010
|g RCR
|
| 942 |
|
|
|c BK
|